000
00263nam a2200097Ia 4500
008
230508s2009 xx 000 0 und d
041
_a
eng
100
_a
HAJARA CHOUDHARY
245
_a
ELEMENTS OF WORKSHOP TECHNOLOGY VOLL II
260
_b
MEDIA PROMOTERS
_c
2009
_g
2009
999
_c
736005
_d
736005